| 000 | 00656nam a2200193Ia 4500 | ||
|---|---|---|---|
| 003 | GCL | ||
| 008 | 140319s9999 xx 000 0 ara d | ||
| 020 | _a6038419977 | ||
| 040 |
_aGCL / _cGCL |
||
| 082 | 0 | 4 |
_a921.3 _bع ي |
| 100 | 1 | _aعصام عبدالله | |
| 245 | 1 | 0 |
_aيورجن هابرماس : _bسيرته وفلسفته / _cعصام عبدالله |
| 260 |
_aالقاهرة : _bالهيئة المصرية العامة للكتاب ، _c2006 |
||
| 300 |
_a135 ص ؛ _c16 سم |
||
| 650 | 0 | 4 | _aالفلاسفة الالمان |
| 650 | 0 | 4 | _aيورجن هابرماس |
| 650 | 0 | 4 | _aالفلاسفة الالمان - تراجم |
| 942 |
_2ddc _cBK |
||
| 999 |
_c8700 _d8700 |
||